000 00574nam a2200217Ia 4500
003 OSt
005 20220927112808.0
006 a|||||r|||| 00| 0
007 ta
008 220926b |||||||| |||| 00| 0 eng d
024 _a151232
037 _cReports
040 _aRTL
_cRTL
_beng
041 _2eng
_aeng
082 _a"X9(KX2,7):51.2.N4t, H3"
245 0 _aReport on the marketing of hides in India and Burma
260 _c1943
300 _a254p
_ccm.
942 _h"X9(KX2,7):51.2.N4t, H3"
_cCC
999 _c700637
_d700637